Normal view
MARC view
Entry Personal Name
001 - CONTROL NUMBER
- control field: 873455
003 - CONTROL NUMBER IDENTIFIER
- control field: OSt
005 - DATE AND TIME OF LATEST TRANSACTION
- control field: 20260114185718.0
008 - FIXED-LENGTH DATA ELEMENTS
- fixed length control field: 260114|| aca||aabn | a|a d
040 ## - CATALOGING SOURCE
- Original cataloging agency: OSt
- Transcribing agency: OSt
100 ## - HEADING--PERSONAL NAME
- Personal name: Lionel K.J. Glassey
670 ## - SOURCE DATA FOUND
- Source citation: Work cat.: (OSt)1472403: Lionel K.J. Glassey, The Reigns of Charles II and James VII & II , 1997
